Statistiques concernant Pays les plus proches du Yémen - une minute sprint

Cliquez ici pour prendre le quiz!

Statistiques générales

  • Ce quiz a été pris 10 fois
  • Le résultat moyen est 13 sur 20

Statistiques - réponses

km pays % Correct
442Émirats arabes unis
100%
0Arabie Saoudite
100%
0Oman
100%
615Qatar
88%
1106Koweït
75%
1212Irak
75%
858Iran
75%
109Éthiopie
63%
133Somalie
63%
480Soudan
63%
771Bahreïn
63%
1493Jordanie
50%
1206Pakistan
50%
839Égypte
50%
1070Soudan du Sud
50%
20Djibouti
50%
1504Afghanistan
50%
985Kenya
38%
29Érythrée
38%
1397Ouganda
25%

Distribution des résultats

Percentile by Number Answered

% des personnes avec chaque résultat

Votre développement - résultats

Vous n’avez pas pris ce quiz